00529nam a2200157Ia 450000500170000000800410001704100080005808200160006610000310008224500360011326000410014930000090019065000220019999900190022195201310024020250729165735.0250729s2013 xx 000 0 und d aeng a372.25 MEEV aDr.Meenakshi Singh9231867 aEducation for the New Millenium aVaranasibAllumini Associationc2013 a348p aEducation9231868 c239496d239496 00104070aALbALd2025-07-29eManagement Bookg800.00l0o372.25 MEEVpBED04815r2025-07-29 16:57:35v800.00w2025-07-29yBK